[Event "FICGS no engines 126 email"]
[Site "FICGS email"]
[Date "2023.02.19"]
[Round "1"]
[White "Bennion, William"]
[Black "Brand Lyard, Paul"]
[Result "1-0"]
[WhiteElo "1972"]
[BlackElo "1366"]
[PlyCount "51"]
[EventDate "2023.??.??"]
[EventType "swiss (corr)"]
[EventRounds "1"]
[SourceTitle "Corr 2024"]
[Source "ChessBase"]
[SourceDate "2023.10.19"]
[SourceVersion "1"]
[SourceVersionDate "2023.10.19"]
[SourceQuality "1"]

1. e4 e5 2. Nf3 Nc6 3. Bc4 Bc5 4. b4 Bxb4 5. c3 Bc5 6. d4 exd4 7. 0-0 d6 8. cxd4 Bb6 9. d5 Ne5 10. Nxe5 dxe5 11. Ba3 Qg5 12. Re1 Bh3 13. g3 h5 14. Qa4+ Kd8 15. Nc3 Qd2 16. Qb4 Bxf2+ 17. Kh1 Rc8 18. Qf8+ Kd7 19. Qxf7+ Kd8 20. Qf8+ Kd7 21. Bb5+ c6 22. dxc6+ Kc7 23. Nd5+ Qxd5 24. Qxg7+ Kb6 25. Qxb7+ Ka5 26. Qa6# 1-0

[Event "FICGS no engines 125 email"]
[Site "FICGS email"]
[Date "2022.12.31"]
[Round "1"]
[White "Bennion, William"]
[Black "Brodie, Peter"]
[Result "0-1"]
[WhiteElo "1936"]
[BlackElo "1632"]
[PlyCount "38"]
[EventDate "2022.??.??"]
[EventType "swiss (corr)"]
[EventRounds "1"]
[SourceTitle "Corr 2024"]
[Source "ChessBase"]
[SourceDate "2023.10.19"]
[SourceVersion "1"]
[SourceVersionDate "2023.10.19"]
[SourceQuality "1"]

1. e4 e6 2. d3 d5 3. Nd2 Nc6 4. g3 Nf6 5. Bg2 Bc5 6. Ngf3 Ng4 7. 0-0 0-0 8. c3 Nf6 9. d4 Bb6 10. e5 Nd7 11. Re1 h6 12. h4 f6 13. Nf1 fxe5 14. dxe5 Ncxe5 15. Ne3 Qf6 16. Nxe5 Qxf2+ 17. Kh2 Nxe5 18. Rf1 Nf3+ 19. Kh1 Qxg3 0-1

[Event "FICGS no engines 125 email"]
[Site "FICGS email"]
[Date "2022.12.31"]
[Round "1"]
[White "Tedoldi, Guido"]
[Black "Bennion, William"]
[Result "1-0"]
[WhiteElo "1694"]
[BlackElo "1936"]
[PlyCount "31"]
[EventDate "2022.??.??"]
[EventType "swiss (corr)"]
[EventRounds "1"]
[SourceTitle "Corr 2024"]
[Source "ChessBase"]
[SourceDate "2023.10.19"]
[SourceVersion "1"]
[SourceVersionDate "2023.10.19"]
[SourceQuality "1"]

1. c4 e6 2. d4 d5 3. cxd5 exd5 4. Nc3 Be7 5. e3 Nf6 6. h3 Bf5 7. Bd3 Bxd3 8. Qxd3 0-0 9. Nf3 Nbd7 10. 0-0 b6 11. Re1 Re8 12. Bd2 c5 13. dxc5 Nxc5 14. Qc2 Rc8 15. Rac1 Nce4 16. Qb1 1-0

[Event "FICGS rapid B 000385 email"]
[Site "FICGS email"]
[Date "2022.10.01"]
[Round "1"]
[White "Bennion, William"]
[Black "Vollmer, Steve"]
[Result "1-0"]
[WhiteElo "1800"]
[BlackElo "1790"]
[PlyCount "53"]
[EventDate "2022.??.??"]
[EventType "tourn (rapid)"]
[EventRounds "6"]
[SourceTitle "Corr 2024"]
[Source "ChessBase"]
[SourceDate "2023.10.19"]
[SourceVersion "1"]
[SourceVersionDate "2023.10.19"]
[SourceQuality "1"]

1. e4 c5 2. Na3 e5 3. Nf3 d6 4. Bc4 Be7 5. 0-0 Nf6 6. d3 0-0 7. Bb3 Nc6 8. h3 a6 9. Nc4 b5 10. Ne3 Bb7 11. a3 Qc7 12. Re1 Rad8 13. a4 b4 14. Bd2 a5 15. c3 h6 16. Nh4 Kh8 17. Nhf5 Bc8 18. Bc4 Be6 19. Qf3 Bxc4 20. dxc4 Rfe8 21. Nd5 Nxd5 22. cxd5 Nb8 23. cxb4 axb4 24. Bxh6 Bf6 25. Re3 Nd7 26. Bxg7+ Bxg7 27. Qh5+ 1-0

[Event "FICGS class C 000361 email"]
[Site "FICGS email"]
[Date "2022.09.26"]
[Round "1"]
[White "Bennion, William"]
[Black "D Ettorre, Rodolfo"]
[Result "1-0"]
[WhiteElo "1800"]
[BlackElo "1968"]
[PlyCount "59"]
[EventDate "2022.??.??"]
[EventType "tourn (corr)"]
[EventRounds "1"]
[SourceTitle "Corr 2024"]
[Source "ChessBase"]
[SourceDate "2023.10.19"]
[SourceVersion "1"]
[SourceVersionDate "2023.10.19"]
[SourceQuality "1"]

1. e4 c5 2. Na3 Nc6 3. Bb5 a6 4. Bxc6 bxc6 5. Nf3 d5 6. 0-0 e6 7. d3 Ne7 8. h4 h5 9. c4 Ng6 10. exd5 cxd5 11. Re1 f6 12. cxd5 Qxd5 13. Nc4 Rb8 14. Qc2 Kf7 15. Bd2 e5 16. Rac1 Bg4 17. Nh2 Be6 18. Re4 Be7 19. b3 Qd7 20. g3 Bd5 21. Nf1 Ba8 22. Kh2 Rhd8 23. Ba5 Qxd3 24. Qxd3 Rxd3 25. Ree1 Bc6 26. Kg1 Bb5 27. Nfe3 Rb7 28. Nd2 Bc6 29. Bc3 Bb5 30. Ne4 1-0

[Event "FICGS class C 000360 email"]
[Site "FICGS email"]
[Date "2022.08.28"]
[Round "1"]
[White "Bennion, William"]
[Black "Pech, Matej"]
[Result "0-1"]
[WhiteElo "1800"]
[BlackElo "1862"]
[PlyCount "42"]
[EventDate "2022.??.??"]
[EventType "tourn (corr)"]
[EventRounds "1"]
[SourceTitle "Corr 2024"]
[Source "ChessBase"]
[SourceDate "2023.10.19"]
[SourceVersion "1"]
[SourceVersionDate "2023.10.19"]
[SourceQuality "1"]

1. e4 c5 2. Na3 Nc6 3. Bb5 g6 4. Nf3 Bg7 5. 0-0 Nf6 6. d3 0-0 7. h3 Nd4 8. e5 Ne8 9. Re1 a6 10. Bc4 Nxf3+ 11. Qxf3 e6 12. c3 f6 13. exf6 Bxf6 14. Qe2 b5 15. Bb3 Bb7 16. Nb1 a5 17. Be3 Rc8 18. Nd2 a4 19. Bc2 a3 20. Rab1 axb2 21. Rxb2 b4 0-1

[Event "FICGS rapid C 000288 email"]
[Site "FICGS email"]
[Date "2022.08.26"]
[Round "1"]
[White "Bennion, William"]
[Black "Rafferty, Frey"]
[Result "1-0"]
[WhiteElo "1800"]
[BlackElo "1900"]
[PlyCount "59"]
[EventDate "2022.??.??"]
[EventType "tourn (rapid)"]
[EventRounds "4"]
[SourceTitle "Corr 2024"]
[Source "ChessBase"]
[SourceDate "2023.10.19"]
[SourceVersion "1"]
[SourceVersionDate "2023.10.19"]
[SourceQuality "1"]

1. e4 c5 2. Na3 Nc6 3. Bb5 Qc7 4. Nf3 a6 5. Bxc6 Qxc6 6. d3 d6 7. 0-0 g6 8. Rb1 Bg7 9. b4 Nf6 10. bxc5 dxc5 11. Nc4 b5 12. Ne3 0-0 13. Bb2 a5 14. h3 Rd8 15. Qc1 Be6 16. a3 b4 17. Ng5 a4 18. f4 b3 19. Nxe6 Qxe6 20. Nc4 Rab8 21. Be5 Rb7 22. Rf3 Nh5 23. f5 Qd7 24. fxg6 hxg6 25. Kh1 Rf8 26. Qd2 Bxe5 27. Nxe5 Qd4 28. Nc4 Rd8 29. Qe1 Rdb8 30. c3 1-0